| 000 | 00548nam a2200169Ia 4500 | ||
|---|---|---|---|
| 999 |
_c2701 _d2701 |
||
| 008 | 200103s9999||||xx |||||||||||||| ||und|| | ||
| 020 | _a0900886595 | ||
| 082 |
_a627.3 _bOCI |
||
| 100 | _aOCIMF | ||
| 245 | 4 | _aThe effect on the operation of tanker terminals following international tanker safety and pollution prevention standards | |
| 260 |
_bOCIMF _c1981 _aLondon |
||
| 300 | _a09p. | ||
| 650 | _aPetroleum shipping terminals--Safety measures | ||
| 650 | _aMarine terminals--Safety measures | ||
| 650 | _aTankers--Safety measures | ||
| 942 | _cBK | ||